000 01370nam a2200241Ia 4500
001 17737
003 GE_BSU
008 181216s||||||||xx |||||||||||||| ||und||
020 _a9789941432880
040 _cGE_BSU
080 _a663.851(076):633/635
100 _aფრუიძე, მ., ბენდელიანი, ე.
245 _aსუბტროპიკული კულტურების წარმოების ტექნო-ქიმიური კონტროლის პრაქტიკუმი
245 _bსახელმძღვანელო უმაღლესი სკოლის სუბტროპიკული კულტურების გადამუშავების ტექნოლოგიის სპეციალობის სტუდენტებისათვის
245 _cრედ.: ვარლამ აპლაკოვი.
260 _aქუთაისი
260 _bაკაკი წერეთლის სახ. უნ-ტი
260 _c2012
300 _a185 გვ.20სმ.
300 _eბიბლ.გვ.179
653 _aსუბტროპიკული კულტურების წარმოების ტექნო-ქიმიური კონტროლის პრაქტიკუმი
942 _cBK
999 _c50785
_d50785